Brownfield development is top priority in the US (Record no. 68275)

MARC details
000 -LEADER
fixed length control field 01151cam a2200193 4500
001 - CONTROL NUMBER
control field ABS64514
008 - FIXED-LENGTH DATA ELEMENTS--GENERAL INFORMATION
fixed length control field 010917n2001 000 0 eng u
035 ## - SYSTEM CONTROL NUMBER
System control number (Sirsi) u114594
245 ## - TITLE STATEMENT
Title Brownfield development is top priority in the US
260 ## - PUBLICATION, DISTRIBUTION, ETC.
Date of publication, distribution, etc. 2001
490 ## - SERIES STATEMENT
Series statement CSM (Chartered Surveyor Monthly)
Volume/sequential designation September 2001, 27(1)
520 ## - SUMMARY, ETC.
Summary, etc. At the North European Property and Investment Exhibition, held in June 2001, the American ambassador to Denmark explained how brownfield development is now a top priority in the US. For instance, the US Conference of Mayors recently declared that brownfield redevelopment is the country's most important environmental and economic challenge. In 1995 a new urban environmental agenda was promoted, which merged cleanup of contaminated sites with economic redevelopment. Since 1995, over 400 grants have been awarded. Moreover, the US Congress is working on national legislation to promote tax breaks for brownfields reinvestments.
590 ## - LOCAL NOTE (RLIN)
Local note ABS
650 ## - SUBJECT ADDED ENTRY--TOPICAL TERM
Topical term or geographic name entry element UNITED STATES
650 ## - SUBJECT ADDED ENTRY--TOPICAL TERM
Topical term or geographic name entry element BROWNFIELD SITES
650 ## - SUBJECT ADDED ENTRY--TOPICAL TERM
Topical term or geographic name entry element Environment
9 (RLIN) 6238
690 ## - LOCAL SUBJECT ADDED ENTRY--TOPICAL TERM (OCLC, RLIN)
Topical term or geographic name as entry element PROPERTY-PROPERTY DEVELOPMENT
942 ## - ADDED ENTRY ELEMENTS (KOHA)
Suppress in OPAC 0
Holdings
Withdrawn status Lost status Source of classification or shelving scheme Damaged status Not for loan Home library Current library Shelving location Date acquired Total Checkouts Full call number Barcode Date last seen Copy number Price effective from Koha item type
    Dewey Decimal Classification     London London Journal article 17/09/2001   ABS64514 114594-1001 06/08/2019 1 06/08/2019 Journal article